00338nam a2200133Ia 4500003000400000008004100004020002300045040000800068100001700076245005700093260002700150300001500177365001200192LDD181029s9999 xx 000 0 und d a189288984c1945.00 cLDD aCasson, Mark 4aThe oxford handbook of entrepreneurshipcMark Casson aNew YorkbOxfordc2006 axviii, 790 b1945.00